Presidents of the US in Order of their Presidency Quiz - Statistics

General Stats
  • This quiz has been taken 43 times
  • The average score is 35 of 46
Answer Stats
Hint Answer % Correct
1789-1797 George Washington
100%
1797-1801 John Adams
94%
1801-1809 Thomas Jefferson
88%
2009-2017 Barack Obama
84%
2017-2021 Donald Trump
84%
2001-2009 George W. Bush
84%
1809-1817 James Madison
84%
2021- Joe Biden
84%
1861-1865 Abraham Lincoln
81%
1993-2001 Bill Clinton
81%
1989-1993 George Bush
81%
1969-1974 Richard Nixon
81%
1981-1989 Ronald Reagan
81%
1901-1909 Theodore Roosevelt
81%
1953-1961 Dwight D. Eisenhower
78%
1933-1945 Franklin D. Roosevelt
78%
1974-1977 Gerald Ford
78%
1817-1825 James Monroe
78%
1961-1963 John F. Kennedy
78%
1963-1969 Lyndon B. Johnson
78%
1829-1837 Andrew Jackson
75%
1945-1953 Harry S. Truman
75%
1929-1933 Herbert Hoover
75%
1977-1981 Jimmy Carter
75%
1825-1829 John Quincy Adams
75%
1869-1877 Ulysses S. Grant
75%
1841 William Henry Harrison
75%
1913-1921 Woodrow Wilson
75%
1865-1869 Andrew Johnson
72%
1845-1849 James K. Polk
72%
1923-1929 Calvin Coolidge
69%
1881 James A. Garfield
69%
1841-1845 John Tyler
69%
1837-1841 Martin Van Buren
69%
1921-1923 Warren G. Harding
69%
1881-1885 Chester A. Arthur
66%
1853-1857 Franklin Pierce
66%
1885-1889 Grover Cleveland
66%
1893-1897 Grover Cleveland
66%
1850-1853 Millard Fillmore
66%
1877-1881 Rutherford B. Hayes
66%
1909-1913 William Howard Taft
66%
1897-1901 William McKinley
66%
1889-1893 Benjamin Harrison
63%
1857-1861 James Buchanan
63%
1849-1850 Zachary Taylor
63%
No matching quizzes found
Score Distribution
Percent of People with Each Score
Percentile by Number Answered
Your Score History
You have not taken this quiz